Mlieko situačná a výhľadová správa

Gespeichert in:
Bibliographische Detailangaben
Format: Buch
Sprache:Slowakisch
Englisch
Veröffentlicht: Bratislava Ministerstvo pôdohospodárstva SR 2002
Schlagworte:
Tags: Tag hinzufügen
Keine Tags, Fügen Sie das erste Tag hinzu!

MARC

LEADER 00000nam a2200000 4500
001 c139804
005 20240419131002.2
020 |a 80-8058-267-X 
041 0 |a slo 
041 0 |a eng 
044 |a SK 
245 1 0 |a Mlieko  |b situačná a výhľadová správa  |c [autor: Jozef Ješko] 
264 1 |a Bratislava  |b Ministerstvo pôdohospodárstva SR  |c 2002 
300 |a 29 s. 
610 2 0 |a mlieko 
610 2 0 |a poľnohospodárstvo 
610 2 0 |a výroba živočíšna 
610 2 0 |a výrobky živočíšne 
610 2 0 |a obchod zahraničný 
610 2 0 |a ceny 
610 2 0 |a regulácia trhu 
610 2 0 |a ukazovatele 
610 2 0 |a spotreba 
610 2 0 |a predaj 
610 2 0 |a integrácia ekonomická medzinárodná 
610 2 0 |a údaje štatistické 
610 2 0 |a Slovensko